000 00463nam a2200217Ia 4500
003 0100
008 130227s9999 xx 000 0 und d
040 _cARRUPELIB
050 _aBX2169.L86
100 _aLustiger, Jean-Marie
245 _aLa messe
260 _aParis
260 _bBayard Editions
260 _C1988
300 _a182p.
300 _b 23 cm
650 _bDeath
650 _cResurrection
650 _dFuture life
942 _2lcc
_01
999 _c4910
_d4910